000 01390nam1a22003011 4500
001 rc\3917310
005 20250807185148.0
035 _a(NLR Aleph) 007911749
090 _a88642
_c88642
100 _a20250807 rusy50
101 0 _arus
102 _aRU
105 _a z |||||
200 1 _aАнтисейсмизм древней архитектуры
_e[Докт. дис.
_eРаздел] 2-4
210 _aМосква
_cБ. и.
_d1948-1949
215 _a3 т.
_d23
225 1 _aМосковский городской педагогический институт имени В.П. Потемкина. Ученые записки
300 _a1-й раздел "Восток" напеч. в изд. "Ученые записки" Ярославск. гос. пед. ин-та: ч. 1 "Египет" - в 1945 вып. 7 (17) с. 1-25 9-й паг.; ч. 2 "Мессопотамия" и ч. 3 "Иран" - в 1947 вып. 10 (20) с. 3-89. Шифр: П28/391
300 _aПеред загл. авт.: проф. А.С. Башкиров
700 1 _aБашкиров
_bА.С.
_f1885-1963
_gАлексей Степанович
801 0 _aRU
_bNLR
_gpsbo
801 1 _aRU
_bELAR
_2rusmarc
852 _aNLR
_jП1/57
852 _aNLR
_jП28/393
942 _cBOOK
945 _aРоссийская национальная библиотека
980 _aNB
980 _aBV